Normal view
MARC view
- Behaviorism (Psychology)
Entry Topical Term
001 - CONTROL NUMBER
- control field: 14849
003 - CONTROL NUMBER IDENTIFIER
- control field: OSt
005 - DATE AND TIME OF LATEST TRANSACTION
- control field: 20260129110253.0
008 - FIXED-LENGTH DATA ELEMENTS
- fixed length control field: 260129|| aca||aabn | a|a d
040 ## - CATALOGING SOURCE
- Original cataloging agency: OSt
- Transcribing agency: OSt
150 ## - HEADING--TOPICAL TERM
- Topical term or geographic name entry element: Behaviorism (Psychology)
670 ## - SOURCE DATA FOUND
- Source citation: Work cat.: (OSt)5889: Domjan, Michael, 1947- 14848, The principles of learning & behavior /, c1986.